| 000 | 00778nam a2200241 u 4500 | ||
|---|---|---|---|
| 005 | 20220610063502.0 | ||
| 008 | 121127s2006 mx r 000 0 spa d | ||
| 020 | _a9706888500 | ||
| 035 | _aUPN01000188954 | ||
| 049 | _aI | ||
| 050 | 4 |
_aG149.9 _bD4.7 |
|
| 245 | 1 | 4 |
_aLos descubrimientos del hombre : _buna historia y mucha información / _cJacques Lindecker ... [et al.] ; tr. Lirio Garduño Buono. |
| 260 |
_aMéxico : _bSM, _c2006. |
||
| 300 |
_a47 p. : _bil. col. |
||
| 440 | 0 | _aSaber | |
| 500 | _aTítulo tomado de la cubierta | ||
| 534 |
_pTítulo original: _tLes grandes découvertes |
||
| 650 | 4 |
_aDESCUBRIMIENTOS GEOGRAFICOS _98255 |
|
| 650 | 0 |
_aViajes y travesías _911045 |
|
| 700 | 1 |
_aLindecker, Jacques, _ecoaut. |
|
| 905 | _aInfantil | ||
| 999 |
_c161057 _d161057 |
||